Surcando la inmensidad del cosmos sin un propósito definido /
Guardat en:
| Autor principal: | |
|---|---|
| Format: | Electrònic eBook |
| Idioma: | espanyol |
| Publicat: |
Madrid :
Vision Libros,
[2010]
|
| Matèries: | |
| Accés en línia: | Digitalia Hispánica |
| Etiquetes: |
Afegir etiqueta
Sense etiquetes, Sigues el primer a etiquetar aquest registre!
|
MARC
| LEADER | 00000nam a2200000Ii 4500 | ||
|---|---|---|---|
| 001 | DIGVISION0326 | ||
| 003 | NyNyDIG | ||
| 008 | 230820s2010 sp o 000 f spa d | ||
| 006 | m o d | ||
| 007 | cr ||||||||||| | ||
| 035 | |a (OCoLC)1395569637 | ||
| 040 | |a DGITA |b eng |e rda |e pn |c DGITA | ||
| 020 | |a 9788499839745 |q eBook | ||
| 020 | |z 9788499839738 | ||
| 050 | 1 | 4 | |a PQ6709.S23 ebook |
| 100 | 1 | |a Isac, Juan José, |d 1955- |e author. | |
| 245 | 1 | 0 | |a Surcando la inmensidad del cosmos sin un propósito definido / |c Juan José Isac. |
| 264 | 1 | |a Madrid : |b Vision Libros, |c [2010] | |
| 300 | |a 1 online resource. | ||
| 336 | |a text |b txt |2 rdacontent | ||
| 337 | |a computer |b c |2 rdamedia | ||
| 338 | |a online resource |b cr |2 rdacarrier | ||
| 347 | |a text file |2 rdaft | ||
| 347 | |b PDF | ||
| 588 | 0 | |a Online resource; title from PDF title page (Digitalia, viewed August 20, 2023) | |
| 655 | 7 | |a Fiction. |2 lcgft | |
| 776 | 0 | 8 | |i Print version: |a Isac, Juan José, 1955- |t Surcando la inmensidad del cosmos sin un propósito definido. |d Madrid : Vision Libros, [2010] |z 9788499839738 |
| 791 | 2 | |a Digitalia (Firm), |e distributor. | |
| 793 | 0 | |g Digitalia eBook Collection: |a Vision Libros | |
| 856 | 4 | 0 | |3 Digitalia Hispánica |u https://digitalia.unach.elogim.com/a/89331/ |
| 910 | |a Premium collection: 2023 | ||